<?xml version="1.0" encoding="UTF-8"?><?xml-stylesheet type="text/xsl" href="static/style.xsl"?><OAI-PMH xmlns="http://www.openarchives.org/OAI/2.0/" xmlns:xsi="http://www.w3.org/2001/XMLSchema-instance" xsi:schemaLocation="http://www.openarchives.org/OAI/2.0/ http://www.openarchives.org/OAI/2.0/OAI-PMH.xsd"><responseDate>2026-04-17T12:52:10Z</responseDate><request verb="GetRecord" identifier="oai:www.recercat.cat:10256/26389" metadataPrefix="marc">https://recercat.cat/oai/request</request><GetRecord><record><header><identifier>oai:recercat.cat:10256/26389</identifier><datestamp>2025-02-13T10:17:46Z</datestamp><setSpec>com_2072_452955</setSpec><setSpec>com_2072_2054</setSpec><setSpec>col_2072_453066</setSpec></header><metadata><record xmlns="http://www.loc.gov/MARC21/slim" xmlns:dcterms="http://purl.org/dc/terms/" xmlns:xsi="http://www.w3.org/2001/XMLSchema-instance" xmlns:doc="http://www.lyncode.com/xoai" xsi:schemaLocation="http://www.loc.gov/MARC21/slim http://www.loc.gov/standards/marcxml/schema/MARC21slim.xsd">
   <leader>00925njm 22002777a 4500</leader>
   <datafield ind2=" " ind1=" " tag="042">
      <subfield code="a">dc</subfield>
   </datafield>
   <datafield ind2=" " ind1=" " tag="720">
      <subfield code="a">Borràs Escayola, Maria</subfield>
      <subfield code="e">author</subfield>
   </datafield>
   <datafield ind2=" " ind1=" " tag="720">
      <subfield code="a">Ravera, Federica</subfield>
      <subfield code="e">author</subfield>
   </datafield>
   <datafield ind2=" " ind1=" " tag="720">
      <subfield code="a">Rivera-Ferre, Marta Guadalupe</subfield>
      <subfield code="e">author</subfield>
   </datafield>
   <datafield ind2=" " ind1=" " tag="260">
      <subfield code="c">2025-01</subfield>
   </datafield>
   <datafield ind2=" " ind1=" " tag="520">
      <subfield code="a">The way climate change is framed and represented matters because it influences the type of actions and strategies promoted by climate-related policies. To understand how policies address climate change in the Spanish context, we performed an analysis of the discourse applying the “What’s the Problem Represented to be” Bacchi’s framework. We apply a feminist political ecology perspective, countering the dominant discourses around mitigation and adaptation to climate change, as well as identifying the silences on public policy at national (Spain) and regional (Catalonia) scales. Our results show that in both cases, the official policy discourse on climate change follows a techno-positivist and market driven narrative, mainly motivated by economic growth, not questioning much of the current economic model and without clearly addressing the responsibilities regarding the climate crisis and the resulting inequities associated to it. This representation presents climate change as a biophysical problem of increased concentration of greenhouse gases, which provides an opportunity for modernization and progress but at the same time, it is a threat to national security and a catalyst for existing vulnerabilities in the country. In contrast, the exploration of the silences of official public policy shows that climate change is represented as the visible consequence of a failed, patriarchal, and colonial system that needs to be solved under a social justice, human right and degrowth perspective. Alternative degrowth and ecofeminist discourses criticize the fallacy of greening the economic growth model and urge us to rethink the productive (and reproductive) current model, focusing on the sustainability of life as the central axis of transformation, “to live a life deserved to be lived”</subfield>
   </datafield>
   <datafield ind2=" " ind1=" " tag="520">
      <subfield code="a">Open Access funding provided thanks to the CRUE-CSIC agreement with Elsevier</subfield>
   </datafield>
   <datafield ind2=" " ind1=" " tag="520">
      <subfield code="a">5</subfield>
   </datafield>
   <datafield ind2=" " ind1=" " tag="520">
      <subfield code="a">13</subfield>
   </datafield>
   <datafield ind1="8" ind2=" " tag="024">
      <subfield code="a">http://hdl.handle.net/10256/26389</subfield>
   </datafield>
   <datafield tag="653" ind2=" " ind1=" ">
      <subfield code="a">Política ambiental</subfield>
   </datafield>
   <datafield tag="653" ind2=" " ind1=" ">
      <subfield code="a">Environmental policy</subfield>
   </datafield>
   <datafield tag="653" ind2=" " ind1=" ">
      <subfield code="a">Canvis climàtics -- Mitigació</subfield>
   </datafield>
   <datafield tag="653" ind2=" " ind1=" ">
      <subfield code="a">Climate change mitigation</subfield>
   </datafield>
   <datafield tag="653" ind2=" " ind1=" ">
      <subfield code="a">Ecologia política</subfield>
   </datafield>
   <datafield tag="653" ind2=" " ind1=" ">
      <subfield code="a">Political ecology</subfield>
   </datafield>
   <datafield tag="653" ind2=" " ind1=" ">
      <subfield code="a">Feminisme</subfield>
   </datafield>
   <datafield tag="653" ind2=" " ind1=" ">
      <subfield code="a">Feminism</subfield>
   </datafield>
   <datafield ind2="0" ind1="0" tag="245">
      <subfield code="a">Is climate change the problem? A feminist analysis of climate change discourses in Spain and Cataloni</subfield>
   </datafield>
</record></metadata></record></GetRecord></OAI-PMH>